00414nam a22001577a 450000500170000001000110001702000260002803500110005403700090006508200060007410000230008024500580010326000250016127000410018630000290022720131014124055.0 aG-2245 a9788125952183c110.00 aG-2245 aGIFT aS aDoyle,Arthur Conan aThe Hound of the Baskrvilles /bby Aryhur Conan Doyle aNew DelhibMadhubun  a576, Masjid Road,JangpurabNew Delhi a96pbcol.ill.c22cm(pbk)